Social statistics (Record no. 616790)

MARC details
000 -LEADER
fixed length control field 00678nam a2200229Ia 4500
003 - CONTROL NUMBER IDENTIFIER
control field OSt
005 - DATE AND TIME OF LATEST TRANSACTION
control field 20220926010228.0
008 - FIXED-LENGTH DATA ELEMENTS--GENERAL INFORMATION
fixed length control field 220923b |||||||| |||| 00| 0 eng d
020 ## - INTERNATIONAL STANDARD BOOK NUMBER
International Standard Book Number 0706910834
037 ## - SOURCE OF ACQUISITION
Terms of availability General Book
040 ## - CATALOGING SOURCE
Original cataloging agency RTL
Transcribing agency RTL
Language of cataloging eng
041 ## - LANGUAGE CODE
Source of code eng
Language code of text/sound track or separate title eng
100 ## - MAIN ENTRY--PERSONAL NAME
Personal name BOSE Ashish and others
9 (RLIN) 257504
245 #0 - TITLE STATEMENT
Title Social statistics
Remainder of title Health and education.
260 ## - PUBLICATION, DISTRIBUTION, ETC.
Place of publication, distribution, etc. New Delhi
Name of publisher, distributor, etc. Vikas Publishing house Pvt L T D
Date of publication, distribution, etc. 1982
300 ## - PHYSICAL DESCRIPTION
Extent xii,375p.
Dimensions cm.
942 ## - ADDED ENTRY ELEMENTS (KOHA)
Classification part Y9(L).2s, M2/TD3
Koha item type General Books
Source of classification or shelving scheme Colon Classification (CC)
Holdings
Withdrawn status Lost status Damaged status Not for loan Home library Current library Date acquired Total Checkouts Full call number Barcode Date last seen Price effective from Koha item type
        Ratan Tata Library Ratan Tata Library 2022-09-26   Y9(L).2s M2/TD3 RT00722242 Tex 2022-09-26 2022-09-26 General Books
Copyright @ Delhi University Library System